000 00779nam a2200229ua 4500
001 61703
003 BD-RjUL
005 20211209081007.0
008 170121r19561921enk 000 0 eng
035 _a(BD-RjUL)61827
040 _aBD-RjUL
_cBD-RjUL
_beng
041 _aeng
082 _223
_a438.7
_bFIS 1956
100 1 _aFiedler, Hermann Georg
_9183759
245 0 2 _aA second German course for science students :
_breadings from recent German scientific publications /
_c Hermann Georg Fiedler
250 _a2d ed.
260 _aLondon :
_b Oxford university press,
_c1921(Impression 1956)
300 _a121 p. :
_bill. ;
_c22 cm.
650 0 _aGerman language
_vReaders
_xScience
_9183760
700 1 _aSandbach, Francis E.
_q(Francis Edward),
_9183761
942 _2ddc
_cBK
999 _c61703
_d61703